[Event "Lisbon Portugal op"]
[Site "Lisbon"]
[Date "2020.01.25"]
[Round "1"]
[White "Sabuk, Piotr"]
[Black "Zilles, Paul"]
[Result "1-0"]
[WhiteElo "2360"]
[BlackElo "1761"]
[PlyCount "51"]
[EventDate "2020.01.25"]
[EventType "swiss"]
[EventRounds "9"]
[EventCountry "POR"]
[SourceTitle "CBM 194"]
[Source "ChessBase"]
[SourceDate "2020.01.27"]
[SourceVersion "1"]
[SourceVersionDate "2020.01.27"]
[SourceQuality "1"]

1. d4 d5 2. c4 e5 3. dxe5 d4 4. a3 Nc6 5. e3 Nge7 6. Nf3 Bg4 7. h3 Bxf3 8. Qxf3 dxe3 9. Bxe3 Ng6 10. Nc3 Ngxe5 11. Qe4 Be7 12. Rd1 Qc8 13. Nd5 f5 14. Qc2 0-0 15. Be2 Bf6 16. 0-0 Rf7 17. Rfe1 Ne7 18. Bh5 N5g6 19. Nxf6+ Rxf6 20. Bd4 Re6 21. Qc3 Rxe1+ 22. Qxe1 b6 23. Bc3 c5 24. Bf3 Rb8 25. h4 Qf8 26. Rd7 1-0

[Event "EU-Cup 34th"]
[Site "Porto Carras"]
[Date "2018.10.18"]
[Round "7.6"]
[White "Lalouette, Herve"]
[Black "Zilles, Paul"]
[Result "1/2-1/2"]
[WhiteElo "1681"]
[BlackElo "1771"]
[PlyCount "111"]
[EventDate "2018.10.12"]
[EventType "team-swiss"]
[EventRounds "7"]
[EventCountry "GRE"]
[SourceTitle "CBM 187"]
[Source "ChessBase"]
[SourceDate "2018.12.11"]
[SourceVersion "1"]
[SourceVersionDate "2018.12.11"]
[SourceQuality "1"]
[WhiteTeam "Bois Colombes"]
[BlackTeam "Wirtzfeld"]
[WhiteTeamCountry "FRA"]
[BlackTeamCountry "BEL"]

1. e4 d5 2. exd5 Qxd5 3. Nc3 Qa5 4. d4 c6 5. Nf3 Bf5 6. Bc4 Nf6 7. 0-0 e6 8. Bd2 Qc7 9. Re1 Bd6 10. a4 0-0 11. h3 Nbd7 12. Nh4 Bg6 13. Nxg6 hxg6 14. Ne4 Nb6 15. Bb3 Nbd5 16. Nxd6 Qxd6 17. Qf3 Ne7 18. c3 c5 19. Be3 cxd4 20. Bxd4 Qc6 21. Qe2 Nf5 22. Be3 Nxe3 23. Qxe3 Rfd8 24. Rad1 a5 25. Rxd8+ Rxd8 26. Rd1 Rxd1+ 27. Bxd1 b6 28. Be2 Qe4 29. Qxe4 Nxe4 30. f3 Nc5 31. Bb5 Kf8 32. Kf2 Ke7 33. Ke3 e5 34. f4 exf4+ 35. Kxf4 f6 36. h4 Kd6 37. b4 Nb3 38. Be8 Nc1 39. Ke3 axb4 40. cxb4 Na2 41. a5 Nxb4 42. axb6 Nd5+ 43. Kf3 Nxb6 44. Bxg6 Nc4 45. Kf4 Ne5 46. Kf5 Nc6 47. Kf4 Nd4 48. g4 Ke6 49. Bd3 Ke7 50. g5 fxg5+ 51. Kxg5 Nf3+ 52. Kg6 Kf8 53. h5 Ne5+ 54. Kg5 Nxd3 55. h6 gxh6+ 56. Kxh6 1/2-1/2

[Event "Luxembourg-chT 1415"]
[Site "Luxembourg"]
[Date "2015.03.29"]
[Round "10"]
[White "Chalabi, Max"]
[Black "Zilles, Paul"]
[Result "1/2-1/2"]
[WhiteElo "1670"]
[BlackElo "1890"]
[PlyCount "44"]
[EventDate "2014.10.05"]
[EventType "team-tourn"]
[EventRounds "10"]
[EventCountry "LUX"]
[SourceTitle "EXT 2017"]
[Source "ChessBase"]
[SourceDate "2016.10.25"]
[SourceVersion "1"]
[SourceVersionDate "2016.10.25"]
[SourceQuality "1"]

1. e4 d5 2. exd5 Qxd5 3. Nc3 Qa5 4. d4 c6 5. Bc4 Bf5 6. Bd2 Qc7 7. Nge2 e6 8. Bf4 Bd6 9. Qd2 Nd7 10. 0-0-0 Ngf6 11. h3 Nb6 12. Bd3 Bxd3 13. Bxd6 Qxd6 14. Qxd3 0-0-0 15. Ng3 Nbd5 16. Nce4 Qf4+ 17. Qd2 Nxe4 18. Qxf4 Nxf4 19. Nxe4 Ne2+ 20. Kb1 Nxd4 21. c3 Nf5 22. g4 Nh6 1/2-1/2

[Event "BEL-ch op"]
[Site "Namur"]
[Date "2009.07.04"]
[Round "1"]
[White "Gorshkov, Leonid"]
[Black "Zilles, Paul"]
[Result "1/2-1/2"]
[WhiteElo "2117"]
[BlackElo "1772"]
[PlyCount "58"]
[EventDate "2009.07.04"]
[EventType "swiss"]
[EventRounds "9"]
[EventCountry "BEL"]
[SourceTitle "EXT 2010"]
[Source "ChessBase"]
[SourceDate "2010.11.25"]
[SourceVersion "1"]
[SourceVersionDate "2010.11.25"]
[SourceQuality "1"]

1. e4 d5 2. exd5 Qxd5 3. Nc3 Qa5 4. d4 c6 5. h3 Bf5 6. Nf3 e6 7. g4 Bg6 8. Ne5 Nf6 9. Bg2 Ne4 10. Nxg6 Nxc3 11. bxc3 hxg6 12. Qd3 Bd6 13. 0-0 Nd7 14. Bd2 Qc7 15. f4 Nf6 16. c4 0-0-0 17. Rab1 e5 18. Qb3 exd4 19. Ba5 b6 20. Bd2 Bc5 21. Qd3 Rhe8 22. Rbd1 Rd7 23. f5 gxf5 24. Bf4 Bd6 25. Qxf5 Bxf4 26. Rxf4 Re5 27. Qd3 Re3 28. Qf5 Re5 29. Qd3 Re3 1/2-1/2